Errate Anime Charaktere anhand von Cosplays - Statistiken

Allgemein
  • Dieses Quiz wurde 428 mal gespielt
  • Das Durchschnittsergebnis liegt bei 5 aus 32
Antwortstatistiken
Bildquiz Antwort % Korrekt
Nezuko Kamado
69%
Zero two
67%
Mikasa Ackerman
66%
Aqua
45%
Megumin
36%
Misa Amane
25%
Yuno Gasai
23%
Chika Fujiwara
15%
Yumeko Jabami
15%
Horo/Holo
14%
Taiga Aisaka
13%
Miku Nakano
12%
Tohru
12%
Asuna Yuuki
11%
Krul Tepes
10%
Kurumi Tokisaki
10%
Lala Satalin Deviluke
9%
Meiko Honma/Menma
8%
Mei Misaki
8%
Mio Akiyama
5%
Rikka Takanashi
5%
Umaru Doma
5%
Chiho Sasaki
3%
Nico Yazawa
3%
Yoko Littner
3%
Kuroko Shirai
2%
Miku Hatsune
2%
Chokola
1%
Nyaruko
1%
Sagiri Izumi
1%
Chino Kafu
0%
Hazuki
0%
Keine übereinstimmenden Quizze gefunden
Verteilung der Resultate
Anzahl Personen mit jedem Resultat
Perzentil nach korrekt beantworteten Fragen
Ihre Resultats-Entwicklung
Sie haben dieses Quiz noch nicht gespielt